| 000 | 00426nam a2200169Ia 4500 | ||
|---|---|---|---|
| 005 | 20250320144445.0 | ||
| 008 | 231217s9999 xx 000 0 und d | ||
| 020 | _a9788131419168 | ||
| 082 | _a346.004 SAT;1 R | ||
| 100 | _aSatish, D ed. | ||
| 245 | 0 | _aPrivate equity : an introduction | |
| 250 | _a1st ed. | ||
| 260 |
_c2008 _bIcfai university press _aHyderabad |
||
| 300 | _ax, 241 | ||
| 650 | _aequity | ||
| 942 | _cAA | ||
| 999 |
_c185276 _d185276 |
||